Tilastot visalle Grönlanti-visa

Klikkaa tästä pelataksesi tätä visaa!

Yleistilastot

  • Tätä visaa on pelattu 374 kertaa
  • Keskiarvotulos 11 / 15

Vastaustilastot

VihjeVastaus% Oikein
Grönlanti on tämän valtio itsehallinnollinen alueTanska
100%
Lähimpänä sijaitsevat valtiotKanada
95%
Lähimpänä sijaitsevat valtiotIslanti
94%
Valtio, joka tarjosi 100 miljonaa dollaria Grönlannista 1946Yhdysvallat
94%
Valtio, johon Grönlanti muodollisesti liitettiin 1261Norja
83%
88% grönlantilaisista kuuluu tähän etniseen ryhmäänInuitit
81%
Vaakunassa oleva eläinJääkarhu
80%
Elintarvike, joka kattaa suuren osan viennistäKala
80%
81 % Grönlannin pinta-alasta peittääJäätikkö
76%
PääkaupunkiNuuk
72%
Suuri Grönlannin pohjoisosissa elävä nautaeläin{Myski}härkä
60%
Grönlannin ensimmäisen asutuksen perustanut henkilöErik Punainen
53%
Virallinen kieliGrönlanti
52%
Grönlanti tuolla kielelläKalaallit {Nunaat}
46%
Grönlannin rannikoilla elävä laji, joka on pisimpään elävä selkärankainen (voi elää jopa 500-vuotiaaksi)Holkeri
44%

Tulosjakauma

Persentiili vastausten määrän mukaan

Jokaisen tuloksen saaneiden osuus

Tuloshistoriasi

Et ole pelannut tätä visaa